| 000 | 01310cam a2200337 a 4500 | ||
|---|---|---|---|
| 001 | EDZ0000076492 | ||
| 003 | StDuBDS | ||
| 005 | 20161031105144.0 | ||
| 006 | m||||||||d|||||||| | ||
| 007 | cr ||||||||||| | ||
| 008 | 120416s2006 enk fo| 001|0|eng|d | ||
| 020 |
_a9781446213643 (ebook) : _cNo price |
||
| 040 |
_aStDuBDS _beng _cStDuBDS _epn |
||
| 049 | _aAlfaisal Main Library | ||
| 050 | 0 |
_aLC1203.G7 _bH39 2006 |
|
| 082 | 0 | 4 |
_a371.9046 _223 |
| 100 | 1 | _aHayward, Anne. | |
| 245 | 1 | 0 |
_aMaking inclusing happen _h[electronic resource] : _ba practical guide / _cAnne Hayward. |
| 260 |
_aLondon : _bPaul Chapman, _c2006. |
||
| 300 | _a1 online resource (x, 122 p.) | ||
| 520 | 8 | _aWritten in a clear, down-to-earth style, this guide gives you an overview of inclusion and is packed with practical material, including examples of best practice and checklists. | |
| 521 | _aSpecialized. | ||
| 588 | _aDescription based on print version record. | ||
| 504 | _aIncludes bibliographical references and index. | ||
| 650 | 0 |
_aInclusive education _zGreat Britain. |
|
| 655 | 7 |
_aElectronic books. _2local |
|
| 710 | 2 | _aSage eBooks | |
| 776 | 0 | 8 |
_iPrint version : _z9781412922227 |
| 856 | 4 | 0 | _uhttp://ezproxy.alfaisal.edu/login?url=http://sk.sagepub.com/books/making-inclusion-happen |
| 942 |
_2lcc _cEBOOKS |
||
| 999 |
_c480539 _d480539 |
||